Estudio de factibilidad para la implementación de un servicio de transporte interdepartamental de pasajeros con sede en la Terminal del Municipio de El Alto (Registro nro. 9678)
[ vista simple ]
| 000 -CABECERA (24) | |
|---|---|
| Campo de control interno | 02843nam a22002654a 4500 |
| 003 - IDENTIFICADOR DE CONTROL | |
| Campo control | BOLpUSFA |
| 005 - FECHA Y HORA DE CATALOGACION | |
| Campo de control | 20260407143450.0 |
| 008 - ELEMENTOS DE LONGITUD FIJA - INFORMACIÓN GENERAL | |
| Campo de control de longitud fija | t bo grm 001 | spa|| |
| 040 ## - Origen de la Catalogacion | |
| Origen de la Catalogacion | BOLpUSFA |
| 041 ## - Código de idioma (R) | |
| Código de lengua del texto/banda sonora o título independiente (R) | spa |
| 044 ## - Código de país de la publicación | |
| Codigo de pais MARC | BO |
| 082 ## - Número de la Clasificación Decimal Dewey | |
| Número de la Clasificación Decimal Dewey | ICO0042 |
| Codigo Cutter | G118ePG |
| 100 ## - Autor Personal | |
| Autor Personal | Gabriel López, Beymar Mauricio |
| 245 ## - Titulo | |
| Titulo | Estudio de factibilidad para la implementación de un servicio de transporte interdepartamental de pasajeros con sede en la Terminal del Municipio de El Alto |
| 260 ## - Editorial | |
| Ciudad | El Alto: |
| Nombre de la Editorial | Universidad Privada San Francisco de Asís. Carrera de Ingeniería Comercial, |
| Fecha | 2025 |
| 300 ## - Descripcion | |
| Extension | 141 p. |
| 502 ## - Nota de Tesis | |
| Nota de Tesis | Modalidad: Proyecto de Grado - <br/>Tutor: Lic. Erick Moisés Marquez Alvarez |
| 520 ## - Resumen | |
| Resumen | El presente estudio de factibilidad evalúa la implementación de BEYSUR, un <br/>servicio de transporte interdepartamental moderno, seguro y eficiente con sede en <br/>la Terminal de Buses del municipio de El Alto. La investigación se basó en una <br/>encuesta aplicada a 382 viajeros, análisis de demanda, proyecciones financieras, <br/>marco legal y operativo. Los resultados evidencian una demanda sostenida hacia <br/>destinos del sur del país, con el 82% de los encuestados realizando al menos un <br/>viaje anual a ciudades como Tarija. Además, el 73% manifestó disposición a utilizar <br/>un nuevo servicio desde El Alto si cumple con los estándares de calidad, seguridad <br/>y puntualidad. La infraestructura actual de la terminal es percibida como deficiente <br/>por el 85% de los usuarios, lo que subraya la necesidad de mejoras que acompañen <br/>la puesta en marcha del servicio. <br/><br/>Desde el punto de vista financiero, el proyecto es viable, con una inversión <br/>inicial estimada de Bs. 651.300.-, un período de recuperación de 3,3 años, una TIR <br/>del 27% y un VAN positivo, lo que indica rentabilidad atractiva. El modelo de <br/>ingresos proyecta un crecimiento anual del 5.21% basado en la inflación actual, <br/>respaldado por una ocupación inicial del 100% de la capacidad y una tarifa promedio <br/>competitiva de 180 bolivianos. Legalmente, la empresa ha cumplido con todos los <br/>requisitos: constitución como SRL, obtención del NIT, registro en el SEPREC, ATT, <br/>Ministerio de Trabajo, Gestora Publica, CNS y obtención de licencias municipales. <br/><br/>Se recomienda iniciar con una fase piloto en la ruta El Alto – Tarija, <br/>implementar un sistema de monitoreo y fidelización, y capacitar permanentemente <br/>al personal. BEYSUR no solo representa una solución de movilidad, sino un agente <br/>de formalización, desarrollo y mejora de la conectividad nacional. <br/> |
| 650 ## - Temas - Descriptores | |
| Temas - Descriptores | Ingeniería Comercial |
| 650 ## - Temas - Descriptores | |
| Temas - Descriptores | Proyecto de Grado |
| 650 ## - Temas - Descriptores | |
| Temas - Descriptores | Estudio de factibilidad |
| 650 ## - Temas - Descriptores | |
| Temas - Descriptores | Transporte interdepartamental |
| 651 ## - Punto de acceso adicional de materia - Nombre geográfico (R) | |
| Nombre geográfico (NR) | El Alto |
| 942 ## - ELEMENTOS DE KOHA | |
| Esquema de Clasificaci | |
| Tipo de Documento | Tesis |
| Catalogador | LLO |
| Retirado (estado) | Perdido (estado) | Fuente de Clasificacion | Deterioro (estado) | Prestamo | Coleccion | Ubicacion permanente | Ubicacion actual | Fondo | Fecha de adquisicion | Origen de adquisicion | Prestamos | Signatura Topografica | Codigo de barras | Ultima fecha de verificacion | Price effective from | Tipo de Item |
|---|---|---|---|---|---|---|---|---|---|---|---|---|---|---|---|---|
| No Dañado | Disponible | No Dañado | Disponible | Tesis | Biblioteca USFA El Alto | Biblioteca USFA El Alto | Colección Tesis | 03/25/2026 | Depósito | ICO0042 G118ePG | BEA01526 | 03/25/2026 | 03/25/2026 | Tesis |